000 01194nam a2200337 a 4500
001 000026353
003 DO-SdBNP
005 20180214094059.0
007 000026353
008 110314s1979 dr b 001 0 spa d
040 _aBPMET
_bspa
_cBPMET
092 _aR 016.57877
_bA452b
100 1 _aAlmonte C., Narciso
245 1 0 _aBibliografía sobre recursos hidrobiológicos de la República Dominicana /
_cNarciso Almonte C., Francisco Xavier Arnemann.
260 _aSanto Domingo :
_bINDOTEC,
_c1979.
300 _a64 p. ;
_c23 cm.
490 1 _aMonografías
_v1
650 4 _aBIOLOGÍA DE AGUA DULCE
_vBIBLIOGRAFÍAS
650 4 _aBIOLOGÍA MARINA
_vBIBLIOGRAFÍAS
700 1 2 _aArnemann, Francisco Xavier
710 1 2 _aInstituto Dominicano de Tecnología Industrial (INDOTEC)
830 0 _aMonografías
_n1
910 _aValidado. Control de calidad EMS
930 1 _lBND01
_mLF1
_hR 016.57877
_820130704
_f04
_pHD
_g37686
942 _2ddc
_cBK
945 _ainventariado, 2018 / dg
956 _aYPOLANCO
_b10
_c20110314
_lBND01
_h1547
956 _aVMATEO
_b10
_c20110322
_lBND01
_h1115
956 _aARIVERA
_b10
_c20130415
_lBND01
_h1529
956 _aEMARRERO
_b40
_c20140504
_lBND01
_h1654
999 _c7633
_d7633